Alonso, rumbo a las tierras del sur /

Nacidas en Santiago, las escritoras chilenas Magdalena Ibáñez Vial y María José Zegers Ruiz Tagle radicaron durante su infancia y juventud en España y coincidieron en 1984 en la Universidad Católica de Chile, cuando iniciaron sus estudios superiores respectivamente en Pedagogía en Historia y en Hist...

Πλήρης περιγραφή

Αποθηκεύτηκε σε:
Λεπτομέρειες βιβλιογραφικής εγγραφής
Κύριος συγγραφέας: Ibáñez Vial, Magdalena (autor)
Άλλοι συγγραφείς: Zegers Ruiz-Tagle, María José (autor) (autor), Rojas Maffioletti, Carlos (ilustración) (ilustración)
Μορφή: Βιβλίο
Γλώσσα:Ισπανικά
Έκδοση: Santiago, Chile : Andrés Bello, 2004, c2004
Έκδοση:3a edición
Σειρά:(A Partir de 11 Años) [s.n.]
Θέματα:
Ετικέτες: Προσθήκη ετικέτας
Δεν υπάρχουν, Καταχωρήστε ετικέτα πρώτοι!

MARC

LEADER 00000nam^a2200000^a^4500
001 000184967
005 20250521000000.0
009 20260310102133.998
020 |a 956-13-1662-5 
037 |a Acervo ITESO - Biblioteca 
041 |a ESP 
082 |a 808. 899282  |b IBA V. 3 
100 |a Ibáñez Vial, Magdalena  |e (autor) 
240 1 1 |a [Alonso] 
245 1 0 |a Alonso, rumbo a las tierras del sur /  |c M. Ibáñez Vial, M.J. Zegers Ruiz-Tagle ; il. de C. Rojas Maffioletti. 
250 |a 3a edición 
264 4 |a Santiago, Chile :  |b Andrés Bello,  |c 2004, c2004 
300 |a 107 p. 
336 |a texto  |b txt  |2 rdacontenido 
337 |a sin mediación  |b n  |2 rdamedio 
338 |a volumen  |b nc  |2 rdasoporte 
440 1 |a (A Partir de 11 Años) [s.n.] 
520 |a Nacidas en Santiago, las escritoras chilenas Magdalena Ibáñez Vial y María José Zegers Ruiz Tagle radicaron durante su infancia y juventud en España y coincidieron en 1984 en la Universidad Católica de Chile, cuando iniciaron sus estudios superiores respectivamente en Pedagogía en Historia y en Historia. Nueve años después, decidieron iniciar un proyecto de novelas históricas destinadas al público infantil, del que surgió el personaje de Alonso: se trata de un pequeño conquistador que vive aventuras en España y América durante el siglo XVI y protagoniza Alonso, un conquistador de diez años (1995), Alonso en el país de los incas (1996) y Alonso, rumbo a los mares del sur (2000), en las que sucesivamente embarca y arriba al Nuevo Mundo, se establece en Perú y se incorpora a la expedición liderada por Pedro de Valdivia, quien en 1541 funda la ciudad de Santiago del Nuevo Extremo, actual capital de Chile. Alonso en la Guerra de Arauco (2004), novela situada en el contexto de los conflictos de los indígenas araucanos con los conquistadores españoles y cuyo protagonista es nieto de aquel Alonso, se cuenta entre los posteriores contribuciones de la mancuerna de escritoras a la literatura chilena infantil. 
649 |a XX 
650 |a Conquistadores Españoles 
650 |a Conquistadores en la Literatura 
650 |a Exploradores y Viajeros Españoles 
650 |a Exploradores y Viajeros Españoles en la Literatura 
650 |a Novela Histórica -  |z Chile 
650 |a Novela de Aventuras -  |z Chile 
650 |a Novela Chilena 
650 |a Literatura Infantil -  |z Chile 
650 |a Literatura Juvenil -  |z Chile 
650 |a Literatura e Historia -  |z Chile 
650 |a Literatura Didáctica -  |z Chile 
650 |a Literatura de Mujeres -  |z Chile 
650 |a Literatura Chilena -  |y Siglo XXI 
650 |a Amistad 
650 |a Viajes y Travesías -  |z Chile 
650 |a Historia -  |z Chile -  |x Estudio y Enseñanza 
650 |a Apoyos Didácticos 
650 |a Metodología Educativa 
650 |a Educación Primaria -  |z Chile 
650 |a Chile -  |x Historia -  |y Descubrimiento y Conquista, 1520-1560 
650 |a Chile -  |x Historia -  |y Siglo XVI 
650 |a Valdivia, Pedro de 
700 |a Zegers Ruiz-Tagle, María José  |e (autor) 
700 |a Rojas Maffioletti, Carlos  |e (ilustración) 
910 |a Fondo General 
920 |a Impresos - Libros 
930 |a Colección General 
940 |a Literatura 
905 |a 101 
901 |a 0500125896  |b IT1  |c LIT  |u 20250521 
902 |a https://opac.biblio.iteso.mx/vufind/Record/000184967